|
|
|
|
| LEADER |
00000nab a2200000 a 4500 |
| 001 |
vtls000761545 |
| 003 |
SK-MaSNL |
| 005 |
20260303072512.0 |
| 008 |
140423c2001 xo 0 slo |
| 015 |
|
|
|a SNBRB2001/06-20014
|
| 035 |
|
|
|a CLN000113332
|
| 040 |
|
|
|a SNKBUCL
|b slo
|c SNKBUCL
|e AACR2
|
| 041 |
0 |
|
|a slo
|
| 044 |
|
|
|a xo
|c SK
|
| 080 |
|
|
|a 82:929:885.4
|2 1997
|
| 080 |
|
|
|a 885.4:929
|2 1997
|
| 080 |
|
|
|a 929 Rosenbaum, Karol
|2 1997
|
| 100 |
1 |
|
|a Janík, Pavol,
|d 1956-
|4 aut
|9 221069
|
| 245 |
1 |
0 |
|a Odišiel Karol Rosenbaum
|c Pavol Janík
|
| 300 |
|
|
|b Fotogr.
|
| 600 |
1 |
7 |
|a Rosenbaum, Karol,
|d 1920-2001
|2 snkbucl
|9 103255
|
| 655 |
|
7 |
|a články z novín a časopisov
|2 snkbucl
|9 267496
|
| 773 |
0 |
|
|t Literárny týždenník
|g Roč. 14, č. 11 (2001), s. 2
|x 0862-5999
|
| 850 |
|
|
|a Slovenská národná knižnica v Martine
|
| 852 |
|
|
|a SNK
|b KIS3GCP
|
| 958 |
|
|
|a BX
|
| 958 |
|
|
|a LX
|
| 958 |
|
|
|a SK
|
| 992 |
|
|
|a RBX
|
| 999 |
|
|
|c 1763721
|d 1765651
|